La Biblioteca Pública Municipal : directrius per a les xarxes urbanes / direcció: Ester Omella i Claparols i Jordi Permanyer i Bastardas ; coordinació i text: Enric Vilagrosa Alquézar directrius per a les xarxes urbanes / direcció:

Descripción Física: 87 p. ; 29 cm

MARC

LEADER 00000nam a2200000Ia 4500
001 21225
008 160829s2009 xx 000 0 cat d
080 |a A-2-335 
245 |a La Biblioteca Pública Municipal :  |b  directrius per a les xarxes urbanes / direcció:  |b  Ester Omella i Claparols i Jordi Permanyer i Bastardas ; coordinació i text:  |b  Enric Vilagrosa Alquézar 
260 |a Barcelona :  |b Diputació de Barcelona. Àrea de Cultura. Gerència de Serveis de Biblioteques,  |c 2009 
300 |a 87 p. ;  |c 29 cm 
590 |a Bibliografia 
650 |a Biblioteques públiques  |x Normes  |9 27701 
700 |a Omella i Claparols, Ester  |e directora  |9 1505 
700 |a Permanyer i Bastardas, Jordi  |e director  |9 42267 
700 |a Vilagrosa Alquézar, Enric  |e coordinador  |9 2308 
710 1 |a Barcelona (Catalunya : Província).  |b Gerència de Serveis de Biblioteques  |9 52661 
901 |a Arxiu 
942 |n 1  |2 udc 
952 |0 0  |1 0  |4 0  |6 A2335  |7 1  |9 52421  |a Arxiu  |b Arxiu  |d 2016-12-01  |l 0  |o A-2-335  |p 21225  |r 2016-12-01 00:00:00  |w 2016-12-01  |y ARXIU 
999 |c 56269  |d 56269